| 000 | 00971nms a22002537a 4500 | ||
|---|---|---|---|
| 003 | NALT | ||
| 005 | 20250818145423.0 | ||
| 006 | a|||||o|||| 00| 0 | ||
| 007 | ca aa aaaaa | ||
| 008 | 210222b th |||p| |||| 00| 0 tha d | ||
| 022 | _a28867740 (Online) | ||
| 040 | _aNALT | ||
| 041 | _atha | ||
| 245 | 0 | 0 | _aสำนักหอสมุด มหาวิทยาลัยทักษิณ |
| 250 | 0 | 0 | _aสำนักหอสมุด มหาวิทยาลัยทักษิณ |
| 260 | _aสำนักหอสมุด มหาวิทยาลัยทักษิณ วิทยาเขตพัทลุง | ||
| 310 | _aรายปี | ||
| 500 | _aวารสารอิเล็กทรอนิกส์ | ||
| 650 | 0 |
_935047 _aบรรณารักษศาสตร์ |
|
| 850 | _aNALT | ||
| 856 | _uhttps://so14.tci-thaijo.org/index.php/TSULJ/issue/archive | ||
| 942 | _cEJN | ||
| 996 |
_ajintana.i _bSERSTF _c2023-03-29 |
||
| 999 |
_c98035 _d98035 |
||
| 998 |
_j755 _k นางจินตนา เอี่ยมคง |
||